000 00910nam a22003257a 4500
001 BR2023000749
003 BR-BrBNA
005 20230705113840.0
008 230629b bl.||||| |||| 00| 0 por d
020 _a978-9974-614-65-9
040 _aBR-BrBNA
_bpor
_cBiblioteca Nacional de Agricultura
041 _apor
072 _aE11 ; E40 ; E70
090 _aE11 BR2023000749
110 _aFórum Rural Mundial, Arkaute (España)
110 _aPrograma Fida Mercosul Claeh, Montevideo (Uruguay)
245 _aAlimentar o mundo, cuidar do planeta
260 _aArkaute (España)
_c2013
300 _a40 p.
500 _a22 illus.
650 _aAGRICULTURA FAMILIAR
650 _aPOLÍTICA AGRÁRIA
650 _aPOLÍTICA AGRÍCOLA
650 _aASSOCIATIVISMO
650 _aCOOPERATIVISMO
650 _aGESTÃO
650 _aCOMERCIALIZAÇÃO
909 _a202306
_bFernando
942 _cBK
999 _c9497
_d9497